Exploring the black box : Technology, economics, and history

Αποθηκεύτηκε σε:
Λεπτομέρειες βιβλιογραφικής εγγραφής
Κύριος συγγραφέας: Rosenberg, Nathan 1927-
Μορφή: Βιβλίο
Γλώσσα:English
Δημοσίευση: New York : Cambridge,
Θέματα:
Ετικέτες: Προσθήκη ετικέτας
Δεν υπάρχουν, Καταχωρήστε ετικέτα πρώτοι!

MARC

LEADER 00000nam a2200000 i 4500
001 1/39489
008 960124s1994 eng d
020 |a 0-521-45955-9 
035 |l 10025054 
040 |a GR-MY-UA  |b gre  |e aacr 
041 0 |a eng 
082 0 |a 609.73 
100 1 |a Rosenberg, Nathan  |d 1927- 
245 1 0 |a Exploring the black box :  |b Technology, economics, and history /  |c Nathan Rosenberg 
260 |a New York :   |b Cambridge,  
300 |a 274 p. 
500 |a Includes Index 
650 0 0 |a Technological innovations. 
650 0 0 |a Technological innovations  |z United States. 
650 0 0 |a Technological innovations  |x Economic aspects. 
650 0 0 |a Technological innovations  |x Economic aspects  |z United States. 
852 |a INST  |b CHIOS  |e 19960124  |h 609.73 ROS  |p 005200001054  |q 005200001054  |t BK  |y 0 
909 |a Χ  |b 040271